| 000 | 00615nam a2200193Ia 4500 | ||
|---|---|---|---|
| 005 | 20250508155709.0 | ||
| 008 | 008 250505s9999 xx 000 0 eng d | ||
| 037 | _aDissertations | ||
| 040 |
_aFEDL _beng _cFEDL |
||
| 041 |
_aeng _2eng |
||
| 084 |
_a371.426, MAH/DI _qFEDL |
||
| 100 |
_aMahajan Mehar Chand _9311797 |
||
| 245 | 0 | _aComparative study of some imtellectual and non intellectual factors of diffirent professional groups | |
| 260 | _c1971 | ||
| 300 | _aiii,105p. | ||
| 546 | _aM. Ed. Dissertation (Delhi University | ||
| 942 |
_cDIS _h371.426, MAH/DI |
||
| 999 |
_c1358851 _d1358851 |
||